000 01606nam a2200445 i 4500
001 9277
003 KOSZ 005
005 20200406075556.0
008 071006s1972 pl a g f 000 0 ger
015 _aPB 1972/2530
035 _a(PL-WaBN)b19946260-48omnis_nlop
035 _ab19946260
035 _a(OCoLC)838974658
035 _a(PL)b0000001994626
040 _aWA N
_cWA N
_dKOSZ 005/RW
046 _k1963
080 _a803.0
100 1 _aHöhle, Thomas
_d(1926-2012)
_eAutor
245 1 0 _aSprecht mit uns - lernt mit uns :
_bkurs dla zaawansowanych /
_cThomas Höhle, Jan Czochralski.
250 _aWydanie 3 /
_bogólna koncepcja metodyczna Mieczysław Jaworowski.
260 _aWarszawa :
_b"Wiedza Powszechna",
_c1972.
300 _a345, [3] stron :
_bilustracje ;
_c23 cm.
336 _aTekst
_btxt
_2rdacontent
337 _aBez urządzenia pośredniczącego
_bn
_2rdamedia
338 _aWolumin
_bnc
_2rdacarrier
380 _aKsiążki
388 _a1901-2000
490 1 _aPoliglota
500 _aNa okładce podtytuł: Nauka języka niemieckiego z płyt. Druk z klisz.
658 _aJęzykoznawstwo
655 7 _aPodręcznik
_2DBN
650 7 _aJęzyk niemiecki
_2DBN
700 1 _aJaworowski, Mieczysław.
_eOpracowanie
710 2 _aPaństwowe Wydawnictwo Wiedza Powszechna
_4pbl
700 1 _aCzochralski, Jan Antoni
_d(1924-2004)
_eAutor
830 0 _aPoliglota
856 _uhttp://koha.tu.koszalin.pl/cgi-bin/koha/opac-detail.pl?biblionumber=9277
_yKatalog online BPK
942 _2UKD
_cKS
999 _c9277
_d9277